| 000 | 00531nam a2200181 a 4500 | ||
|---|---|---|---|
| 001 | 000041237 | ||
| 005 | 20201002034724.0 | ||
| 008 | 130927s1975 xxu 001 0 spa d | ||
| 040 |
_aDO-SdBNP _bspa _cBNPHU |
||
| 082 |
_axxxx _bxxxx |
||
| 100 | 1 |
_aSpanier, John _967825 |
|
| 245 | 1 | 0 |
_aAmerican foreign policy since world war II. / _cJohn Spanier. |
| 250 | _a6ta. ed. | ||
| 260 |
_aNew York : _bPraeger Publishers, _c1975. |
||
| 300 |
_a395 p. ; _c20 cm. |
||
| 504 | _aBibliografía : p. 281-295 | ||
| 590 | _aInventariado, 2019/BT | ||
| 999 |
_c40727 _d40727 |
||